000
00295 a2200145 4500
001
168911
020
_a
040
_c
Magnum
100
_a
Grisolli, Paulo Afonso
240
1
0
_a
Um leao em perigo
_l
por
245
1
0
_a
Um leao em perigo
362
0
_a
1899
697
_a
IJ/FICCAO
942
_c
BK
999
_c
168911
_d
168911